| 000 | 00907cam a22002537a 4500 | ||
|---|---|---|---|
| 001 | 14024704 | ||
| 005 | 20160906183327.0 | ||
| 008 | 050705s2004 ph f000 0 eng | ||
| 010 | _a 2004420824 | ||
| 020 | _a971-542-407-4 | ||
| 040 |
_aDLC _cDLC _dDLC |
||
| 042 | _alcode | ||
| 043 | _aa-ph--- | ||
| 050 | 0 | 0 | _aMLCS 2006/07403 (D) |
| 082 |
_22004 _aDFil 920 _bB76l |
||
| 100 | 1 |
_aBrillantes, Gregorio C., _d1932- |
|
| 245 | 1 | 0 |
_aLooking for Jose Rizal in Madrid : _bjourneys, latitudes, perspectives, destinations / _cGregorio C. Brillantes. |
| 260 |
_aDiliman, Quezon City : _bUniversity of the Philippines Press, _c2004. |
||
| 300 |
_axiii, 285 pages ; _c23 cm. |
||
| 650 | 0 |
_914206 _aRizal, Jose, 1861-1896. |
|
| 906 |
_a7 _bcbc _corigode _d4 _encip _f20 _gy-gencatlg |
||
| 942 |
_2ddc _cDFIL |
||
| 999 |
_c4390 _d4390 |
||